Méthode pour le commentaire et la dissertation historiques (notice n° 1925441)

détails MARC
000 -LEADER
fixed length control field 01220cam a2200145 4500500
005 - DATE AND TIME OF LATEST TRANSACTION
control field 20260329023211.0
041 ## - LANGUAGE CODE
Language code of text/sound track or separate title fre
042 ## - AUTHENTICATION CODE
Authentication code dc
100 10 - MAIN ENTRY--PERSONAL NAME
Personal name Milliot, Vincent
Relator term author
245 00 - TITLE STATEMENT
Title Méthode pour le commentaire et la dissertation historiques
260 ## - PUBLICATION, DISTRIBUTION, ETC.
Name of publisher, distributor, etc. Armand Colin,<br/>
Date of publication, distribution, etc. 2021.<br/>
520 ## - SUMMARY, ETC.
Summary, etc. Cet ouvrage apporte à l’étudiant en histoire les méthodes pour aborder les diverses épreuves du cursus universitaire. Du brouillon à la réalisation d’un commentaire, il apprend à cerner un texte, ses idées et son plan. Le lecteur découvre comment interpréter justement et situer dans leur contexte des documents statistiques et des illustrations. De plus, il y trouvera les indications pour ordonner ses idées dans une dissertation ou lors d’un oral, et les méthodes pour utiliser ou constituer une bibliographie. La partie didactique s’accompagne d’exemples et d’exercices corrigés qui pourront servir de modèle. La rigueur et la clarté de cet ouvrage en font un outil pédagogique indispensable.
700 10 - ADDED ENTRY--PERSONAL NAME
Personal name Wieviorka, Olivier
Relator term author
856 41 - ELECTRONIC LOCATION AND ACCESS
Uniform Resource Identifier <a href="https://shs.cairn.info/methode-pour-le-commentaire-et-la-dissertation-his--9782200622930?lang=fr&redirect-ssocas=7080">https://shs.cairn.info/methode-pour-le-commentaire-et-la-dissertation-his--9782200622930?lang=fr&redirect-ssocas=7080</a>

Pas d'exemplaire disponible.

PLUDOC

PLUDOC est la plateforme unique et centralisée de gestion des bibliothèques physiques et numériques de Guinée administré par le CEDUST. Elle est la plus grande base de données de ressources documentaires pour les Étudiants, Enseignants chercheurs et Chercheurs de Guinée.

Adresse

627 919 101/664 919 101

25 boulevard du commerce
Kaloum, Conakry, Guinée

Réseaux sociaux

Powered by Netsen Group @ 2025